000 00607nam a22002057a 4500
003 OSt
005 20140310181803.0
008 130704t xxu||||| |||| 00| 0 eng d
020 _a9627010502
050 _aDS 504
_b.Al416 1993
082 _aREF 910.202
_bAl4 1993
245 _aFar eastern economic review :
_ball-asia travel guide /
_cSalamat Ali,Michael Bishara,Rowan Callick,et.al...
250 _a16th ed.
260 _aHongkong :
_bReview Publishing Co.ltd,
_cc1993.
300 _a512 p.
_bcol. : ill. ;
_c18 cm.
521 _a
541 _j1
562 _e1
942 _2lcc
_cBK-GR
_kREF
999 _c3708
_d3708